000
00334nam a2200133Ia 4500
008
191201s2003 xx 000 0 und d
100
_a
WOOD, Allen J
245
0
_a
Power Generation Operation and Control
250
_a
2nd
260
_a
N.Delhi
_b
John Wiley and Sons
_c
2003
300
_a
569
650
_a
B.Tech(ECE)
942
_2
ddc
_c
BK
999
_c
3282
_d
3282